00458nam a2200157Ia 450000500170000000800410001708200130005810000190007124500210009026000380011130000130014965000180016294200060018095200990018699900150028520250402214251.0240331s9999 xx 000 0 und d bSIVa894 aSivaprgasam, Y 0aUnarvin nilalkal aChennaibKumaran Publishersc1997 a144 p ., aShort Stories cL 001040708LaWERCLbWERCLcSSCd2024-03-31l0o 894.811 SIVp2619r2024-03-31w2024-03-31yL c4135d4135